KOHA-Header-6

Principles of Communication (Record no. 9847)

000 -LEADER
fixed length control field 00259nam a2200109Ia 4500
100 ## - MAIN ENTRY--AUTHOR NAME
Personal name Sanjay Sharma
245 #0 - TITLE STATEMENT
Title Principles of Communication
260 ## - PUBLICATION, DISTRIBUTION, ETC. (IMPRINT)
Place of publication Canada
Name of publisher Pearson
Year of publication 1998
300 ## - PHYSICAL DESCRIPTION
Number of Pages 120
942 ## - ADDED ENTRY ELEMENTS (KOHA)
Koha item type Books
Holdings
Withdrawn status Lost status Collection code Permanent Location Current Location Shelving location Date acquired Full call number Accession Number Koha item type
    Electrical Engineering MAJU MAJU Shelf No.A25 2019-09-14 823.914 5854 Electrical Engineering

Powered by Koha